000 00778cam a2200241 a 4500
020 _a0471065803 (acidfree paper)
040 _cDLC
082 0 0 _a576 WIL 1995 C155 Or.
245 0 0 _aBaculovirus expression systems and biopesticides /
260 _aNew York :
_bWiley-Liss,
_cc1995.
300 _ax, 259 p. :
_bill. ;
_c25 cm.
650 0 _aBaculoviruses
650 0 _aInsect cell biotechnology.
650 0 _aBiological pest control agents.
650 2 _aBaculoviridae
650 2 _aGene Expression.
650 2 _aPest Control, Biological.
650 2 _aCells, Cultured.
700 1 _aShuler, Michael L.,
856 4 2 _uhttp://www.loc.gov/catdir/description/wiley033/94017194.html
856 4 _uhttp://www.loc.gov/catdir/toc/onix04/94017194.html
942 _cAEDBB
999 _c18829
_d18829